[Event "GER-ch Blitz 2019"]
[Site "Magdeburg"]
[Date "2019.05.25"]
[Round "3.1"]
[White "Gustafsson, Jan"]
[Black "Zelbel, Patrick"]
[Result "0-1"]
[WhiteElo "2639"]
[BlackElo "2439"]
[Annotator "TA"]
[PlyCount "115"]
[EventDate "2019.05.25"]
[EventType "tourn"]
[EventCountry "GER"]
[Tiebreak "Number of wins+Number of black wins"]
[SourceTitle "playchess.com"]
[Source "ChessBase"]
[SourceQuality "1"]

{[%evp 13,115,8,22,16,50,39,82,74,65,68,61,44,69,72,79,78,81,45,45,32,42,14,8,
22,14,1,132,123,110,22,68,67,75,64,78,81,79,79,75,83,79,72,85,85,89,91,81,55,
191,181,242,190,239,189,305,196,266,197,198,197,189,-425,-402,-746,-4,-104,-98,
-97,0,-25,0,-7,-1,-33,-29,-78,0,0,-7,-32,0,-54,60,-84,-13,-51,-58,-163,-147,
-29997,-409,-462,-458,-415,-364,-329,-241,-590,-585,-576,-343,-29983,-29984,
-5385]} 1. d4 Nf6 2. Nf3 e6 3. c4 c5 4. Nc3 cxd4 5. Nxd4 Bb4 6. g3 O-O 7. Bg2
d5 8. cxd5 {E20: Nimzo-Indian: 4 g3 and 4 f3} (8. O-O dxc4 9. Qa4 Na6 10. Rd1
Qe8 11. Qc2 Nc7 12. Ne4 Nxe4 13. Bxe4 e5 14. Bxh7+ Kh8 15. Nf3 b5 16. Qe4 Qe6
17. Ng5 Qg4 {1/2-1/2 (29) So,W (2780)-Aronian,L (2767) Saint Louis 2018}) 8...
exd5 9. O-O h6 10. Qb3 {White is better.} Bxc3 11. Qxc3 Bd7 12. b3 $146 ({
Predecessor:} 12. Bf4 Re8 13. Rfd1 Na6 14. Rac1 Qe7 15. Qa5 Nb4 {1-0 (28)
Henrichs,T (2415)-Bozinovic,B (2255) Biel 1997}) 12... Nc6 {[%cal Bb8c6,Bc6b4,
Bb4c2][%mdl 32]} 13. Bb2 Rc8 {[%cal Ba8c8,Bc8c2,Bc2a2][%mdl 32]} 14. Rad1 Qe7
15. Rfe1 Nb4 16. Qf3 Ne4 17. a3 Nc2 18. Nxc2 Rxc2 19. Ba1 Bc6 {[#]} (19... Be6
$11 {keeps the balance.}) 20. Qd3 $1 $36 {[%cal Rd3c2][%mdl 2048] White is on
the roll.} Ra2 {[#]} 21. Qd4 (21. b4 $1 $16) 21... Nf6 22. Bb2 Re8 23. Bf3 Qe6
24. Ra1 Rxa1 25. Rxa1 a6 26. a4 Qf5 27. Rc1 Qg5 28. h4 Qg6 29. Kg2 Ne4 30. e3
h5 {[#]} (30... f6 $14) 31. Bxh5 $1 $18 {[%mdl 512]} Qh7 (31... Qh6 $142 32.
Be2 Re6) (31... Qxh5 32. Qxg7#) 32. Bf3 Nf6 33. Rh1 Qc2 (33... Ne4 {keeps
fighting.} 34. Be2 f6) 34. g4 {Hoping for h5.} Re6 (34... Qg6 $142 35. g5 Nd7)
35. g5 Ne8 36. Rc1 Qxb3 37. Bg4 $4 {[%mdl 8192]} (37. Bd1 $18 {and life is
good for White.} Qa2 38. Bc2) 37... Re4 $19 38. Qd1 (38. Bd1 $142 Rxd4 39. Bxb3
) 38... Qxa4 $2 (38... Qxb2 $19 39. Bf3 Rxh4) 39. Bd4 (39. Kg3 $11 {remains
equal.}) 39... Qxd1 $17 40. Bxd1 Re7 ({Black should try} 40... Rxh4 $17 41. Be2
Nd6) 41. Bc5 Rd7 42. Bg4 Rd8 43. Bb6 Ra8 44. Ra1 Nd6 (44... d4+ $1 $17 45. Kg3
dxe3) 45. f3 $11 Nc4 46. Bd4 a5 47. Kf2 (47. h5 $11) 47... a4 (47... Nd2 $1 $15
48. Bc3 Nb3) 48. Ke2 (48. h5 $1 $14 {stays ahead.}) 48... a3 (48... Re8 $17 {
...Nxe3! is the strong threat.} 49. Kf2 g6) 49. Kd3 a2 {Strongly threatening ..
.Ra3+.} 50. Kc2 ({White should play} 50. Kc3 $1 $15) 50... Ra3 $19 {Threatens
to win with ...Ba4+.} 51. Re1 $2 {[%mdl 8192]} (51. f4 $17) 51... Nxe3+ (51...
Ba4+ $142 52. Kc1 a1=Q+ {[%mdl 64] Back Rank} 53. Bxa1 Rxa1#) 52. Kb2 Nc4+ 53.
Ka1 Rd3 54. Bc5 Rd2 55. Bf5 $2 (55. g6 fxg6 56. f4) 55... g6 56. Bg4 Ba4 {
And now ...Na5 would win.} 57. f4 $2 (57. Bb4 $19 Rh2 58. Rc1) 57... Na5 {
[%cal Ra5b3]} 58. Re3 {Accuracy: White = 26%, Black = 29%.} 0-1

[Event "GER-ch Blitz 2019"]
[Site "Magdeburg"]
[Date "2019.05.25"]
[Round "3.2"]
[White "Schulze, Marc"]
[Black "Kopylov, Daniel"]
[Result "1-0"]
[WhiteElo "2220"]
[BlackElo "2263"]
[Annotator "NA"]
[PlyCount "89"]
[EventDate "2019.05.25"]
[EventType "tourn"]
[EventCountry "GER"]
[Tiebreak "Number of wins+Number of black wins"]
[SourceTitle "playchess.com"]
[Source "ChessBase"]
[SourceQuality "1"]
[TimeControl "180+2"]

1. d4 {[%emt 0:00:00]} Nf6 {[%emt 0:00:02]} 2. Bf4 {[%emt 0:00:01]} d5 {
[%emt 0:00:03]} 3. e3 {[%emt 0:00:01]} Bg4 {[%emt 0:00:02]} 4. Nf3 {[%emt 0:00:
05]} e6 {[%emt 0:00:02]} 5. c3 {[%emt 0:00:03]} Bd6 {[%emt 0:00:05]} 6. Bxd6 {
[%emt 0:00:06]} Qxd6 {[%emt 0:00:02]} 7. Nbd2 {[%emt 0:00:05]} Nbd7 {[%emt 0:
00:05]} 8. Bd3 {[%emt 0:00:11]} e5 {[%emt 0:00:05]} 9. dxe5 {[%emt 0:00:07]}
Nxe5 {[%emt 0:00:04]} 10. Be2 {[%emt 0:00:01]} h5 {[%emt 0:00:29]} 11. Nxe5 {
[%emt 0:00:12]} Qxe5 {[%emt 0:00:03]} 12. Qa4+ {[%emt 0:00:13]} c6 {[%emt 0:00:
14]} 13. Nf3 {[%emt 0:00:11]} Qe7 {[%emt 0:00:18]} 14. h3 {[%emt 0:00:04]} Bxf3
{[%emt 0:00:03]} 15. Bxf3 {[%emt 0:00:01]} h4 {[%emt 0:00:07]} 16. O-O {
[%emt 0:00:15]} Nd7 {[%emt 0:00:05]} 17. Qd4 {[%emt 0:00:12]} Qe5 {[%emt 0:00:
20]} 18. Rfe1 {[%emt 0:00:23]} a5 {[%emt 0:00:26]} 19. Rad1 {[%emt 0:00:06]}
Rh6 {[%emt 0:00:33]} 20. e4 {[%emt 0:00:09]} Qxd4 {[%emt 0:00:05]} 21. Rxd4 {
[%emt 0:00:02]} Re6 {[%emt 0:00:07]} 22. Kf1 {[%emt 0:00:07]} dxe4 {[%emt 0:00:
06]} 23. Rdxe4 {[%emt 0:00:02]} Rxe4 {[%emt 0:00:03]} 24. Rxe4+ {[%emt 0:00:02]
} Kd8 {[%emt 0:00:05]} 25. Rxh4 {[%emt 0:00:01]} Kc7 {[%emt 0:00:02]} 26. Re4 {
[%emt 0:00:06]} Kd6 27. Bd1 {[%emt 0:00:05]} Nf6 {[%emt 0:00:06]} 28. Rd4+ {
[%emt 0:00:00]} Ke7 {[%emt 0:00:02]} 29. g4 {[%emt 0:00:06]} Rh8 {[%emt 0:00:
04]} 30. Kg2 {[%emt 0:00:02]} Nh7 {[%emt 0:00:02]} 31. Re4+ {[%emt 0:00:04]}
Kd6 {[%emt 0:00:03]} 32. h4 {[%emt 0:00:11]} Nf6 {[%emt 0:00:01]} 33. Rd4+ {
[%emt 0:00:00]} Ke7 {[%emt 0:00:01]} 34. g5 {[%emt 0:00:01]} Nd7 {[%emt 0:00:
01]} 35. f3 {[%emt 0:00:05]} c5 {[%emt 0:00:02]} 36. Re4+ {[%emt 0:00:03]} Kd6
{[%emt 0:00:00]} 37. Bb3 {[%emt 0:00:01]} f6 {[%emt 0:00:01]} 38. Re6+ {
[%emt 0:00:01]} Kc7 {[%emt 0:00:01]} 39. Re7 {[%emt 0:00:02]} fxg5 {[%emt 0:00:
06]} 40. Ba4 {[%emt 0:00:00]} gxh4 {[%emt 0:00:08]} 41. Rxd7+ Kb6 42. Rxg7 {
[%emt 0:00:02]} h3+ {[%emt 0:00:02]} 43. Kh1 Rf8 44. Rg3 {[%emt 0:00:05]} Rd8 {
[%emt 0:00:01]} 45. Rg2 {[%emt 0:00:00]} 1-0

[Event "GER-ch Blitz 2019"]
[Site "Magdeburg"]
[Date "2019.05.25"]
[Round "3.3"]
[White "Schmaltz, Roland"]
[Black "Svane, Frederik"]
[Result "0-1"]
[WhiteElo "2461"]
[BlackElo "2342"]
[Annotator "RC"]
[PlyCount "61"]
[EventDate "2019.05.25"]
[EventType "tourn"]
[EventCountry "GER"]
[Tiebreak "Number of wins+Number of black wins"]
[SourceTitle "playchess.com"]
[Source "ChessBase"]
[SourceQuality "1"]
[TimeControl "180+2"]

1. e4 {[%emt 0:00:00]} c5 {[%emt 0:00:00]} 2. Nf3 {[%emt 0:00:00]} e6 {[%emt 0:
00:00]} 3. d4 {[%emt 0:00:00]} cxd4 {[%emt 0:00:01]} 4. Nxd4 {[%emt 0:00:01]}
a6 {[%emt 0:00:00]} 5. c4 {[%emt 0:00:01]} Nf6 {[%emt 0:00:02]} 6. Nc3 {
[%emt 0:00:01]} Qc7 7. a3 d6 {[%emt 0:00:02]} 8. Be3 {[%emt 0:00:01]} b6 {
[%emt 0:00:04]} 9. Rc1 {[%emt 0:00:02]} Bb7 {[%emt 0:00:01]} 10. f3 {[%emt 0:
00:01]} Nbd7 {[%emt 0:00:02]} 11. Be2 {[%emt 0:00:01]} Rc8 {[%emt 0:00:02]} 12.
O-O {[%emt 0:00:01]} Qb8 {[%emt 0:00:01]} 13. Qd2 {[%emt 0:00:05]} Be7 {
[%emt 0:00:01]} 14. Rfd1 {[%emt 0:00:02]} h5 {[%emt 0:00:04]} 15. b4 {[%emt 0:
00:02]} Bd8 {[%emt 0:00:02]} 16. Nb3 {[%emt 0:00:02]} Bc7 {[%emt 0:00:03]} 17.
Bf4 {[%emt 0:00:02]} Ne5 {[%emt 0:00:08]} 18. Bxe5 {[%emt 0:00:01]} dxe5 {
[%emt 0:00:01]} 19. c5 {[%emt 0:00:01]} b5 {[%emt 0:00:35]} 20. a4 {[%emt 0:00:
08]} Bc6 {[%emt 0:00:02]} 21. axb5 {[%emt 0:00:02]} axb5 {[%emt 0:00:04]} 22.
Bf1 {[%emt 0:00:09]} Qb7 {[%emt 0:00:27]} 23. Qe2 {[%emt 0:00:01]} Rb8 {
[%emt 0:00:02]} 24. Ra1 {[%emt 0:00:01]} O-O {[%emt 0:00:07]} 25. Na5 {[%emt 0:
00:00]} Bxa5 {[%emt 0:00:06]} 26. Rxa5 {[%emt 0:00:01]} Ra8 {[%emt 0:00:48]}
27. Rda1 {[%emt 0:00:05]} Rxa5 {[%emt 0:00:57]} 28. Rxa5 {[%emt 0:00:01]} Rb8 {
[%emt 0:00:08]} 29. Nxb5 {[%emt 0:00:06]} Qd7 {[%emt 0:00:02]} 30. Qd3 {
[%emt 0:00:06]} Bxb5 {[%emt 0:00:04]} 31. Rxb5 {[%emt 0:00:03]} 0-1

[Event "GER-ch Blitz 2019"]
[Site "Magdeburg"]
[Date "2019.05.25"]
[Round "3.4"]
[White "Heidrich, Manfred"]
[Black "Stein, Robert"]
[Result "0-1"]
[WhiteElo "2351"]
[BlackElo "2318"]
[Annotator "NA"]
[PlyCount "54"]
[EventDate "2019.05.25"]
[EventType "tourn"]
[EventCountry "GER"]
[Tiebreak "Number of wins+Number of black wins"]
[SourceTitle "playchess.com"]
[Source "ChessBase"]
[SourceQuality "1"]
[TimeControl "180+2"]

1. e4 {[%emt 0:00:00]} e5 {[%emt 0:00:00]} 2. Nf3 {[%emt 0:00:01]} Nc6 {
[%emt 0:00:00]} 3. d4 {[%emt 0:00:01]} exd4 {[%emt 0:00:00]} 4. Nxd4 {[%emt 0:
00:00]} Bc5 {[%emt 0:00:01]} 5. Nxc6 {[%emt 0:00:02]} Qf6 {[%emt 0:00:11]} 6.
Qf3 {[%emt 0:00:01]} dxc6 {[%emt 0:00:02]} 7. Bd3 {[%emt 0:00:08]} Be6 {
[%emt 0:00:05]} 8. Nd2 {[%emt 0:00:06]} O-O-O {[%emt 0:00:15]} 9. Qxf6 {
[%emt 0:00:08]} Nxf6 {[%emt 0:00:01]} 10. h3 {[%emt 0:00:02]} Rhe8 {[%emt 0:00:
05]} 11. O-O {[%emt 0:00:02]} Nd7 {[%emt 0:00:01]} 12. Nb3 {[%emt 0:00:07]} Bb6
{[%emt 0:00:05]} 13. Re1 {[%emt 0:00:01]} Ne5 {[%emt 0:00:03]} 14. Bf1 {
[%emt 0:00:04]} Bc4 {[%emt 0:00:22]} 15. Nd2 {[%emt 0:00:10]} Bxf1 {[%emt 0:00:
04]} 16. Kxf1 {[%emt 0:00:05]} Rd7 {[%emt 0:00:05]} 17. Nb3 {[%emt 0:00:20]}
Nc4 {[%emt 0:00:04]} 18. Rb1 {[%emt 0:00:05]} Rde7 {[%emt 0:00:06]} 19. f3 {
[%emt 0:00:06]} h6 {[%emt 0:00:23]} 20. Nd2 {[%emt 0:00:04]} Nd6 {[%emt 0:00:
08]} 21. b3 {[%emt 0:00:22]} f5 {[%emt 0:00:04]} 22. Ba3 {[%emt 0:00:00]} fxe4
{[%emt 0:00:08]} 23. Bxd6 {[%emt 0:00:34]} cxd6 {[%emt 0:00:01]} 24. Nxe4 {
[%emt 0:00:08]} Bc7 {[%emt 0:00:01]} 25. c4 {[%emt 0:00:07]} d5 {[%emt 0:00:15]
} 26. cxd5 {[%emt 0:00:01]} cxd5 {[%emt 0:00:00]} 27. Nc3 {[%emt 0:00:08]}
Rxe1+ {[%emt 0:00:02]} 0-1

[Event "GER-ch Blitz 2019"]
[Site "Magdeburg"]
[Date "2019.05.25"]
[Round "3.5"]
[White "Zuyev, Igor"]
[Black "Kirchner, Thomas"]
[Result "1-0"]
[WhiteElo "2447"]
[BlackElo "2311"]
[Annotator "NA RC"]
[PlyCount "39"]
[EventDate "2019.05.25"]
[EventType "tourn"]
[EventCountry "GER"]
[Tiebreak "Number of wins+Number of black wins"]
[SourceTitle "playchess.com"]
[Source "ChessBase"]
[SourceQuality "1"]
[TimeControl "180+2"]

1. e4 {[%emt 0:00:00]} e5 {[%emt 0:00:00]} 2. Nf3 {[%emt 0:00:00]} Nc6 {
[%emt 0:00:00]} 3. d4 {[%emt 0:00:01]} exd4 {[%emt 0:00:00]} 4. Bc4 {[%emt 0:
00:01]} Bc5 {[%emt 0:00:01]} 5. c3 {[%emt 0:00:13]} d3 {[%emt 0:00:01]} 6. b4 {
[%emt 0:00:08]} Bb6 {[%emt 0:00:02]} 7. a4 {[%emt 0:00:04]} a6 {[%emt 0:00:01]}
8. O-O {[%emt 0:00:05]} d6 {[%emt 0:00:01]} 9. Qb3 {[%emt 0:00:12]} Qf6 {
[%emt 0:00:13]} 10. a5 {[%emt 0:00:05]} Ba7 {[%emt 0:00:03]} 11. b5 {[%emt 0:
00:04]} axb5 {[%emt 0:00:16]} 12. a6 {[%emt 0:00:17]} bxa6 {[%emt 0:00:30]} 13.
Bd5 {[%emt 0:00:04]} Nge7 {[%emt 0:00:08]} 14. Bg5 {[%emt 0:00:07]} Qg6 {
[%emt 0:00:46]} 15. Bxe7 {[%emt 0:00:06]} Kxe7 {[%emt 0:00:01]} 16. Bxc6 {
[%emt 0:00:05]} Rb8 {[%emt 0:00:03]} 17. Kh1 {[%emt 0:00:07]} Rb6 {[%emt 0:00:
16]} 18. Nd4 {[%emt 0:00:08]} Be6 {[%emt 0:00:21]} 19. Qd1 {[%emt 0:00:07]} Qh5
{[%emt 0:00:17]} 20. Qxh5 {[%emt 0:00:15]} 1-0

[Event "GER-ch Blitz 2019"]
[Site "Magdeburg"]
[Date "2019.05.25"]
[Round "3.6"]
[White "Kopylov, Michael"]
[Black "Frischmann, Rick"]
[Result "0-1"]
[WhiteElo "2413"]
[BlackElo "2320"]
[Annotator "NA"]
[PlyCount "70"]
[EventDate "2019.05.25"]
[EventType "tourn"]
[EventCountry "GER"]
[Tiebreak "Number of wins+Number of black wins"]
[SourceTitle "playchess.com"]
[Source "ChessBase"]
[SourceQuality "1"]
[TimeControl "180+2"]

1. d4 {[%emt 0:00:00]} d5 {[%emt 0:00:00]} 2. c4 {[%emt 0:00:00]} Nc6 {[%emt 0:
00:00]} 3. Nc3 {[%emt 0:00:01]} Nf6 {[%emt 0:00:01]} 4. cxd5 {[%emt 0:00:02]}
Nxd5 {[%emt 0:00:01]} 5. Nf3 {[%emt 0:00:01]} e5 {[%emt 0:00:01]} 6. e3 {
[%emt 0:00:14]} exd4 {[%emt 0:00:10]} 7. exd4 {[%emt 0:00:01]} Bb4 {[%emt 0:00:
13]} 8. Bd2 {[%emt 0:00:07]} O-O {[%emt 0:00:02]} 9. Bd3 {[%emt 0:00:02]} Re8+
{[%emt 0:00:01]} 10. Kf1 {[%emt 0:00:36]} Nf6 {[%emt 0:00:10]} 11. Bg5 {
[%emt 0:00:29]} Be7 {[%emt 0:00:01]} 12. h3 {[%emt 0:00:07]} h6 {[%emt 0:00:06]
} 13. Bh4 {[%emt 0:00:02]} Nd5 {[%emt 0:00:16]} 14. Bg3 {[%emt 0:00:06]} Ndb4 {
[%emt 0:00:11]} 15. Bc4 {[%emt 0:00:08]} Bf6 {[%emt 0:00:05]} 16. a3 {[%emt 0:
00:05]} Na6 {[%emt 0:00:21]} 17. Ne5 {[%emt 0:00:59]} Bxe5 {[%emt 0:00:22]} 18.
dxe5 {[%emt 0:00:01]} Be6 {[%emt 0:00:00]} 19. Be2 {[%emt 0:00:22]} Nd4 {
[%emt 0:00:02]} 20. Kg1 {[%emt 0:00:02]} Nb3 {[%emt 0:00:11]} 21. Rb1 {[%emt 0:
00:07]} Qe7 {[%emt 0:00:01]} 22. Qc2 {[%emt 0:00:02]} Rad8 {[%emt 0:00:02]} 23.
Kh2 {[%emt 0:00:01]} Rd2 {[%emt 0:00:02]} 24. Qe4 {[%emt 0:00:03]} Nac5 {
[%emt 0:00:01]} 25. Qb4 {[%emt 0:00:03]} a5 {[%emt 0:00:03]} 26. Qf4 {[%emt 0:
00:03]} Red8 {[%emt 0:00:24]} 27. Rhd1 {[%emt 0:00:02]} Nd3 {[%emt 0:00:34]}
28. Bxd3 {[%emt 0:00:04]} R2xd3 {[%emt 0:00:01]} 29. Rxd3 {[%emt 0:00:02]} Rxd3
{[%emt 0:00:01]} 30. Qe4 {[%emt 0:00:02]} Nc5 {[%emt 0:00:08]} 31. Qf4 {
[%emt 0:00:03]} Qd7 {[%emt 0:00:04]} 32. Ne4 Nxe4 33. Qxe4 Bf5 34. Qxb7 Rxg3
35. fxg3 Bxb1 0-1

[Event "GER-ch Blitz 2019"]
[Site "Magdeburg"]
[Date "2019.05.25"]
[Round "3.7"]
[White "Hirneise, Jens"]
[Black "Ehmann, Thilo"]
[Result "1-0"]
[WhiteElo "2375"]
[BlackElo "2291"]
[Annotator "NA"]
[PlyCount "93"]
[EventDate "2019.05.25"]
[EventType "tourn"]
[EventCountry "GER"]
[Tiebreak "Number of wins+Number of black wins"]
[SourceTitle "playchess.com"]
[Source "ChessBase"]
[SourceQuality "1"]
[TimeControl "180+2"]

1. e4 {[%emt 0:00:00]} c5 {[%emt 0:00:00]} 2. Nf3 {[%emt 0:00:00]} e6 {[%emt 0:
00:00]} 3. Nc3 {[%emt 0:00:01]} Nc6 {[%emt 0:00:03]} 4. d4 {[%emt 0:00:00]}
cxd4 5. Nxd4 {[%emt 0:00:01]} Qc7 {[%emt 0:00:10]} 6. Be2 {[%emt 0:00:02]} a6 {
[%emt 0:00:02]} 7. a3 {[%emt 0:00:00]} Nf6 {[%emt 0:00:02]} 8. f4 {[%emt 0:00:
04]} d6 {[%emt 0:00:04]} 9. Be3 {[%emt 0:00:01]} Be7 {[%emt 0:00:01]} 10. g4 {
[%emt 0:00:07]} b5 {[%emt 0:00:11]} 11. g5 {[%emt 0:00:05]} Nd7 {[%emt 0:00:00]
} 12. Nxc6 {[%emt 0:00:05]} Qxc6 {[%emt 0:00:02]} 13. Qd4 {[%emt 0:00:01]} e5 {
[%emt 0:00:38]} 14. Qd2 {[%emt 0:00:07]} Nb6 {[%emt 0:00:09]} 15. Bxb6 Qxb6 16.
Nd5 {[%emt 0:00:12]} Qd8 {[%emt 0:00:05]} 17. O-O-O {[%emt 0:00:08]} Bb7 {
[%emt 0:00:15]} 18. Nxe7 {[%emt 0:00:12]} Qxe7 {[%emt 0:00:01]} 19. Qxd6 {
[%emt 0:00:11]} Qxd6 {[%emt 0:00:01]} 20. Rxd6 {[%emt 0:00:01]} exf4 {[%emt 0:
00:02]} 21. Bd3 {[%emt 0:00:11]} h6 {[%emt 0:00:34]} 22. gxh6 {[%emt 0:00:02]}
Rxh6 {[%emt 0:00:04]} 23. Rxh6 {[%emt 0:00:03]} gxh6 {[%emt 0:00:00]} 24. Rf1 {
[%emt 0:00:01]} Ke7 {[%emt 0:00:01]} 25. Rxf4 {[%emt 0:00:02]} Rg8 {[%emt 0:00:
01]} 26. Rh4 {[%emt 0:00:05]} Rg6 {[%emt 0:00:08]} 27. Kd2 {[%emt 0:00:01]} Re6
{[%emt 0:00:02]} 28. Kc3 {[%emt 0:00:05]} Rc6+ {[%emt 0:00:04]} 29. Kb4 {
[%emt 0:00:06]} Re6 {[%emt 0:00:04]} 30. b3 {[%emt 0:00:11]} Kd6 {[%emt 0:00:
09]} 31. Rf4 {[%emt 0:00:06]} Ke7 {[%emt 0:00:11]} 32. a4 {[%emt 0:00:04]} Re5
{[%emt 0:00:13]} 33. axb5 {[%emt 0:00:08]} axb5 {[%emt 0:00:02]} 34. Bxb5 {
[%emt 0:00:13]} Bxe4 {[%emt 0:00:02]} 35. c4 {[%emt 0:00:02]} f5 {[%emt 0:00:
03]} 36. c5 {[%emt 0:00:03]} Kf6 {[%emt 0:00:07]} 37. c6 {[%emt 0:00:17]} Re7 {
[%emt 0:00:07]} 38. Kc5 {[%emt 0:00:04]} Ke5 {[%emt 0:00:01]} 39. Rh4 {[%emt 0:
00:09]} Rh7 {[%emt 0:00:12]} 40. Kb6 {[%emt 0:00:06]} Kd6 {[%emt 0:00:03]} 41.
c7 {[%emt 0:00:07]} Rh8 {[%emt 0:00:10]} 42. Rxh6+ {[%emt 0:00:17]} Rxh6 {
[%emt 0:00:03]} 43. c8=Q {[%emt 0:00:02]} Ke5+ {[%emt 0:00:09]} 44. Kc5 {
[%emt 0:00:03]} Kf4 {[%emt 0:00:03]} 45. Qc7+ {[%emt 0:00:04]} Ke3 {[%emt 0:00:
06]} 46. Qg3+ {[%emt 0:00:03]} Bf3 {[%emt 0:00:02]} 47. Qg5+ {[%emt 0:00:04]}
1-0

[Event "GER-ch Blitz 2019"]
[Site "Magdeburg"]
[Date "2019.05.25"]
[Round "3.8"]
[White "Braeuer, Franz"]
[Black "Stern, Rene"]
[Result "1/2-1/2"]
[WhiteElo "2445"]
[BlackElo "2538"]
[Annotator "TA"]
[PlyCount "161"]
[EventDate "2019.05.25"]
[EventType "tourn"]
[EventCountry "GER"]
[Tiebreak "Number of wins+Number of black wins"]
[SourceTitle "playchess.com"]
[Source "ChessBase"]
[SourceQuality "1"]

{[%evp 17,161,-8,0,-8,0,0,0,0,72,-74,-27,-50,-35,-43,-21,-21,-21,-21,-21,-43,
-24,-40,0,0,0,0,0,-24,-24,-62,-24,-24,-14,-39,0,0,0,0,0,0,0,0,0,0,0,0,0,0,0,0,
0,0,0,0,0,0,0,0,0,0,0,0,0,0,77,77,153,156,131,-20,-20,-20,0,-31,165,0,6,6,6,6,
16,0,0,0,0,0,8,0,0,0,0,0,0,0,0,0,0,0,0,0,0,0,10,0,0,0,0,0,10,10,29979,29,29,10,
10,10,10,10,11,10,11,11,11,11,11,10,18,10,10,10,10,10,10,10,10,0,10,10,10,0,10,
10,10,10,10,10]} 1. e4 e5 2. Nf3 Nc6 3. d4 exd4 4. Nxd4 Nf6 5. Nxc6 bxc6 6. e5
Qe7 7. Qe2 Nd5 8. c4 Ba6 9. Nd2 g6 10. Ne4 {C45: Scotch Game} (10. Nf3 Qb4+ 11.
Kd1 Ne7 12. Bg5 Bg7 13. Qd2 c5 14. Qxb4 cxb4 15. Bd3 h6 16. Bxe7 Kxe7 17. Re1
Rhe8 {1-0 (52) Huschenbeth,N (2586)-Anton Guijarro,D (2649) Germany 2019})
10... Bg7 11. Bg5 Qxe5 {Threatens to win with ...Bxc4!} 12. Nc5 Nb4 (12...
Qxe2+ $1 $11 {keeps the balance.} 13. Bxe2 Nb4) 13. Nxa6 $146 (13. Qxe5+ $1 $16
Bxe5 14. O-O-O) ({Predecessor:} 13. O-O-O Nxa2+ 14. Kc2 Nb4+ 15. Kb3 Qxe2 16.
Bxe2 d6 17. Kxb4 dxc5+ 18. Kxc5 {1/2-1/2 (45) Seyb,D (2192)-Foisor,S (2326)
Reykjavik 2018}) 13... Nxa6 (13... Qxe2+ {looks sharper.} 14. Bxe2 Nxa6 15.
O-O-O Nc5 16. Be3 Ne6) 14. Qxe5+ $1 Bxe5 15. O-O-O $1 {Re1 is the strong
threat.} f6 16. Be3 c5 17. f4 Bd6 18. Be2 Nb4 19. Bf3 Rb8 20. a3 Nc6 21. Rhe1 {
And now Bxc5+ would win.} Kf7 22. Bxc6 (22. b4 {feels hotter.} Rhd8 23. bxc5
Be7 24. Bd5+ Kf8 25. f5) 22... dxc6 23. g3 Rhe8 24. Bd2 f5 25. Bc3 h5 26. h4
Re6 27. Rxe6 Kxe6 $11 {[%mdl 4096] Endgame KRB-KRB} 28. Re1+ Kf7 29. Kc2 Rd8
30. Re3 Rb8 31. Bd2 Rd8 32. Bc3 Rb8 33. Bd2 Be7 34. Bc3 Rd8 35. Be5 Bd6 36. Bc3
Be7 37. Be5 Rd7 38. Rb3 Bd6 $1 39. Bc3 Re7 40. Kd3 g5 (40... Rd7 $11 41. Ke3
Re7+ 42. Kf3 Re4) 41. hxg5 $16 h4 ({Better is} 41... Rd7) 42. gxh4 {Black must
now prevent h5.} Bxf4 {[#]} 43. Bf6 $2 (43. Rb8 $1 $16) 43... Re3+ $11 44. Kc2
Re2+ 45. Kb1 Kg6 $2 {[#]} (45... Rh2 $15 {stays ahead.}) 46. Rf3 $2 ({White
has to play} 46. Rb8 $1 $18) 46... Bd6 (46... Be3 {with more complications.}
47. h5+ Kxh5 48. Rxf5 Bd4 49. Bxd4 cxd4 50. Ka2 Kg4) 47. h5+ Kxh5 {Strongly
threatening ...f4.} 48. Rxf5 Re4 49. Rf3 Rxc4 50. Rb3 a5 51. Rb8 Rg4 52. Rh8+
Kg6 53. Rg8+ Kf5 54. Kc2 a4 55. Ra8 Be5 56. Bxe5 Kxe5 {KR-KR} 57. g6 Kf6 58.
Ra6 Rg2+ 59. Kc3 Rg3+ 60. Kc2 Rg2+ 61. Kb1 Rg1+ 62. Ka2 Rxg6 63. Rxc6+ {
[%mdl 64] Double Attack} Ke5 $2 {[%mdl 8192]} (63... Kf7 $11 64. Rxc7+ Ke8) 64.
Rxc5+ $2 (64. Rxg6 {mates} Kd5 65. Ra6 Kc4 66. Rxa4+ Kb5 67. Kb3 Kc6 68. Kc4
Kd6 69. Ra6+ Ke5 70. a4) 64... Kd4 65. Rxc7 {Hoping for Ra7.} Ra6 {The
position is equal.} 66. Kb1 Kd3 67. Rc3+ Kd2 68. Rc4 Ra5 69. Rd4+ Ke3 70. Rd8
Rc5 71. Rd7 Rc4 72. Re7+ Kd4 73. Rh7 Kd5 74. Rh5+ Kc6 75. Rh3 Kb5 76. Rh5+ Kb6
77. Rh2 Kb5 78. Rc2 Rg4 79. Re2 Rc4 80. Re5+ Kb6 81. Re3 {Accuracy: White =
55%, Black = 47%.} 1/2-1/2